Départements avec un nom comportant le plus de A, de E etc. - Statistiques

Statistiques générales
  • Ce quiz a été pris 98 fois
    71 depuis la dernière actualisation
  • Le résultat moyen est 51 sur 63
Statistiques - réponses
Hint Réponse % Correct
2A & 4E Pyrénées-Atlantiques
95%
3E & 3I Seine-Saint-Denis
95%
2A 2E & 2I Alpes-Maritimes
92%
2A & 2E Haute-Savoie
92%
2E Moselle
92%
2E & 2I Finistère
89%
5E Pyrénées-Orientales
89%
2A & 4E Alpes-de-Haute-Provence
86%
2O Côtes d'Armor
86%
2E Eure
86%
2A & 2E Hautes-Alpes
86%
2E Loir-et-Cher
86%
5E Meurthe-et-Moselle
86%
2E Ardennes
84%
2E 2O & 2U Bouches-du-Rhône
84%
2E Charente
84%
2A 3E & 2I Charente-Maritime
84%
2O Côte d'or
84%
2E Creuse
84%
2E & 2U Guadeloupe
84%
4E Hautes-Pyrénées
84%
3E Haute-Vienne
84%
2A 2E & 2I Loire-Atlantique
84%
2I Martinique
84%
3A Pas-de-Calais
84%
3E & 3I Seine-Maritime
84%
2A Tarn-et-Garonne
84%
2A Cantal
81%
2E Corrèze
81%
2E Essonne
81%
3E Eure-et-Loir
81%
2E Haute-Corse
81%
2A & 2E Haute-Garonne
81%
2A & 2E Haute-Marne
81%
2E Isère
81%
2E & 2O Lot-et-Garonne
81%
2E Mayenne
81%
2E & 2O Saône-et-Loire
81%
2U Vaucluse
81%
2E Yvelines
81%
2E Ardèche
78%
2E Ariège
78%
2O Dordogne
78%
3E Hauts-de-Seine
78%
3E & 3I Ille-et-Vilaine
78%
3E & 2I Maine-et-Loire
78%
2E Puy-de-Dôme
78%
4E Seine-et-Marne
78%
2E Vienne
78%
2A Calvados
76%
2A & 2E Haute-Saône
76%
3E & 2I Indre-et-Loire
76%
2E Lozère
76%
2E Nièvre
76%
2A Val-de-Marne
76%
2E Val-de-Marne
76%
3E Vendée
76%
2E Haute-Loire
73%
2U Corse-du-Sud
70%
3E Deux-Sèvres
70%
2E Meuse
70%
4E 2I & 2O Territoire de Belfort
70%
2L Allier
65%
Aucun quiz correspondant
Distribution des résultats
% des personnes avec chaque résultat
Percentile par nombre de réponses
Votre historique - résultats
Vous n’avez pas pris ce quiz depuis la dernière actualisation